Technical communication today / (Record no. 4054)

MARC details
000 -LEADER
fixed length control field 01708cam a2200193 a 4500
020 ## - INTERNATIONAL STANDARD BOOK NUMBER
ISBN 0321457587 (pbk. : alk. paper)
020 ## - INTERNATIONAL STANDARD BOOK NUMBER
ISBN 9780321457585 (pbk. : alk. paper)
050 00 - CALL NUMBER
Classification number T10.5
Item number .J65 2007
100 1# - AUTHOR
Personal name Johnson-Sheehan, Richard.
245 10 - TITLE
Title Technical communication today /
Statement of responsibility, etc Richard Johnson-Sheehan.
250 ## - EDITION
Edition statement 2nd ed.
260 ## - PUBLICATION INFORMATION
Place of publication New York :
Name of publisher Pearson Longman,
Year of publication c2007.
300 ## - DESCRIPTION
Number of Pages xxviii, 716, A-38, R-4, C-2, I-11 p. :
Other physical details ill. (chiefly col.) ;
Dimensions 24 cm.
500 ## - NOTES
General note Includes index
505 ## - FORMATTED CONTENTS NOTE
Table of Content Preface --<br/>Part 1: Elements of technical communication --<br/>1. Communicating in the workplace --<br/>2. The technical writing process today --<br/>3. Readers and contexts of use --<br/>4. Ethics in the technical workplace --<br/>Part 2: Communicating in the technical workplace --<br/>5. Researching and managing information --<br/>6. Organizing and drafting --<br/>7. Using plain and persuasive style --<br/>8. Designing documents and interfaces --<br/>9. Creating and using graphics --<br/>10. Revising and editing for usability --<br/>11. Preparing and giving presentations --<br/>Part 3: Working in the wired workplace --<br/>12. Using e-mail and instant messaging --<br/>13. Working in teams --<br/>14. Designing websites --<br/>15. Starting your career --<br/>Part 4: Genres of technical communication --<br/>16. Letters and memos --<br/>17. Technical definitions --<br/>18. Technical descriptions --<br/>19. Instructions --<br/>20. Proposals --<br/>21. Activity reports --<br/>22. Analytical reports --<br/>Appendixes --<br/>Appendix A: Grammar and punctuation guide --<br/>Appendix B: English as a second language guide --<br/>Appendix C: Documentation guide.
650 #0 - SUBJECTS
Topical Term Communication of technical information.
650 #0 - SUBJECTS
Topical Term Business communication.
942 ## - ADDED ENTRY ELEMENTS (KOHA)
Koha item type Books
Holdings
Withdrawn status Lost status Collection code Home library Current library Shelving location Date acquired Full call number Accession Number Koha item type
    Non-fiction Methodist University Library Main Methodist University Library Main General Stacks 17/08/2018 T10.5 .J65 2007 2379 Books
Copyright © 2026  MUG Library